00830cam a22002291 450000100060000000300080000600500170001400800410003103500200007203500190009204000290011104100080014008200270014810000360017524501050021126000640031630000700038050400390045060000540048965000180054365100390056124818BD-RjUL20211209001113.0140315s19491938enkabc b 001 0 eng d a(BD-RjUL) 24887 a(OCoLC)2043440 aDLCcFJUNFdBD-RjULbeng aeng00a942.0690924bCHM 19491 aChurchill, Winston,d1874-1965.10aMarlborough : his life and times /nVolum -2pConsisting of volumes III and IV of the original work aLondon :bG.G. Harrap and Co. Ltd.,c1938 [Reprinted 1949] a1077 p. :billus., ports., maps (part fold., part col.) ;c23 cm. aIncludes Bibliography and index.10aMarlborough, John Churchill,cDuke of,d1650-1722 aGreat Britain 0aGreat BritainxHistoryy1660-1714.